L'Aménagement du territoire (Record no. 35351)

MARC details
000 -LEADER
fixed length control field 00896 a2200373 4500
037 ## - SOURCE OF ACQUISITION
Stock number DE2085
037 ## - SOURCE OF ACQUISITION
Stock number L4779
037 ## - SOURCE OF ACQUISITION
Stock number L4778
037 ## - SOURCE OF ACQUISITION
Stock number L4782
037 ## - SOURCE OF ACQUISITION
Stock number L4783
037 ## - SOURCE OF ACQUISITION
Stock number L4781
037 ## - SOURCE OF ACQUISITION
Stock number L4784
037 ## - SOURCE OF ACQUISITION
Stock number DE2086
037 ## - SOURCE OF ACQUISITION
Stock number DE2087
037 ## - SOURCE OF ACQUISITION
Stock number P20744
020 ## - NUMERO INTERNATIONAL NORMALISE DES LIVRES
International Standard Book Number 2-225-63646-X
100 ## - VEDETTE PRINCIPALE - NOM DE PERSONNE
Personal name Madiot, Yves
100 ## - VEDETTE PRINCIPALE - NOM DE PERSONNE
Language of a work Fr
260 ## - PUBLICATION, DISTRIBUTION, ETC. (IMPRINT)
Place of publication, distribution, etc paris
260 ## - PUBLICATION, DISTRIBUTION, ETC. (IMPRINT)
Name of publisher, distributor, etc Masson
245 ## - TITLE STATEMENT
Title L'Aménagement du territoire
260 ## - PUBLICATION, DISTRIBUTION, ETC. (IMPRINT)
Date of publication, distribution, etc 1979
300 ## - PHYSICAL DESCRIPTION
Extent 231 p.
300 ## - PHYSICAL DESCRIPTION
Other physical details 24 cm
440 ## - SERIES STATEMENT/ADDED ENTRY--TITLE
Title Collection droit-sciences économiques
440 ## - SERIES STATEMENT/ADDED ENTRY--TITLE
International Standard Serial Number 0335-8690
630 ## - SUBJECT ADDED ENTRY--UNIFORM TITLE
Uniform title 91 - Geographie. Exploration de la terre, des diverses regions, des divers pays. Voyages. Geographie regionale
650 ## - SUBJECT ADDED ENTRY--TOPICAL TERM
Topical term or geographic name as entry element 9 - GEOGRAPHIE ET HISTOIRE
650 ## - SUBJECT ADDED ENTRY--TOPICAL TERM
Topical term or geographic name as entry element Aménagement du territoire
650 ## - SUBJECT ADDED ENTRY--TOPICAL TERM
Topical term or geographic name as entry element Urbanisation
650 ## - SUBJECT ADDED ENTRY--TOPICAL TERM
Topical term or geographic name as entry element Europe
Holdings
Withdrawn status Lost status Damaged status Not for loan Location (home branch) Sublocation or collection (holding branch) Date acquired Koha issues (times borrowed) Koha full call number Koha date last seen Price effective from Koha item type
        Bibliothèque Universitaire Centrale Bibliothèque Universitaire Centrale 28/02/2009   911.3:711 MAD 28/02/2009 28/02/2009 Livre


© 2008, Bibliothèques de l'Université d'Abomey-Calavi

04 BP 789 Cotonou, Tél. : +229 21 36 01 01, Fax : +229 21 35 06 32

Courriel : bu@bu.uac.bj